| Tag |
First Indicator |
Second Indicator |
Subfields |
| LEADER |
00000cgm a2200000Mi 4500 |
| 001 |
in00005576721 |
| 006 |
m o c |
| 007 |
cr |n||||||||a |
| 007 |
vz |za|z| |
| 008 |
160624s1963 cau031 e o vueng d |
| 005 |
20241201233611.3 |
| 035 |
|
|
|a (OCoLC)ocn954043316
|
| 040 |
|
|
|a ALSTP
|b eng
|e rda
|e pn
|c ALSTP
|d OCLCO
|d OCLCF
|d OCLCQ
|d OCLCO
|d CAUOI
|d OCLCA
|d WYU
|d UPM
|d OCLCO
|d UHL
|d OCLCA
|d OCLCO
|d OCLCQ
|d OCLCO
|d OCLCQ
|d OCLCL
|d DXU
|d OCLCO
|
| 019 |
|
|
|a 1113678539
|a 1259096418
|a 1373445969
|a 1444010394
|
| 035 |
|
|
|a (OCoLC)954043316
|z (OCoLC)1113678539
|z (OCoLC)1259096418
|z (OCoLC)1373445969
|z (OCoLC)1444010394
|
| 043 |
|
|
|a n-us-ky
|
| 082 |
1 |
4 |
|a 780.92
|q OCoLC
|2 11/eng/20230216
|
| 049 |
|
|
|a TXAM
|
| 245 |
0 |
4 |
|a The high lonesome sound :
|b Kentucky mountain music /
|c a film by John Cohen.
|
| 264 |
|
1 |
|a Berkeley, CA :
|b Berkeley Media,
|c 1963.
|
| 300 |
|
|
|a 1 online resource (31 min.)
|
| 306 |
|
|
|a 003032
|
| 336 |
|
|
|a two-dimensional moving image
|b tdi
|2 rdacontent
|
| 337 |
|
|
|a video
|b v
|2 rdamedia
|
| 337 |
|
|
|a computer
|b c
|2 rdamedia
|
| 338 |
|
|
|a other
|b vz
|2 rdacarrier
|
| 338 |
|
|
|a online resource
|b cr
|2 rdacarrier
|
| 347 |
|
|
|a data file
|2 rda
|
| 490 |
0 |
|
|a Academic Video Online
|
| 500 |
|
|
|a Title from resource description page (viewed June 24, 2016).
|
| 520 |
|
|
|a The poignant songs of church-goers, miners, and farmers of eastern Kentucky express the joys and sorrows of life among the rural poor. This classic and universally praised documentary evocatively illustrates how music and religion help Appalachians maintain their dignity and traditions in the face of change and hardship. The film features the noted Appalachian banjo picker Roscoe Holcomb and places him firmly in the context of the land and the people with whom he spent his life."The High Lonesome Sound" will generate thought and discussion in numerous courses in American studies, folklore, ethnomusicology, cultural anthropology, the arts and humanities, sociology, and filmmaking. It was produced by renowned filmmaker and musician John Cohen.
|
| 546 |
|
|
|a In English.
|
| 650 |
|
0 |
|a Folk music
|z Kentucky.
|
| 650 |
|
0 |
|a Country music
|z Kentucky.
|
| 650 |
|
0 |
|a Bluegrass music
|z Kentucky.
|
| 650 |
|
7 |
|a Bluegrass music
|2 fast
|
| 650 |
|
7 |
|a Country music
|2 fast
|
| 650 |
|
7 |
|a Folk music
|2 fast
|
| 651 |
|
7 |
|a Kentucky
|2 fast
|1 https://id.oclc.org/worldcat/entity/E39PBJm4Vwb8tpDYbtGkhKP84q
|
| 655 |
|
7 |
|a documentary film.
|2 aat
|
| 655 |
|
7 |
|a Documentary films
|2 fast
|
| 655 |
|
7 |
|a Documentary films.
|2 lcgft
|
| 655 |
|
7 |
|a Documentaires.
|2 rvmgf
|
| 700 |
1 |
|
|a Cohen, John,
|d 1932-2019,
|e producer,
|e director.
|1 https://id.oclc.org/worldcat/entity/E39PBJjXhTMdcpmCGvQhWBcXVC
|
| 758 |
|
|
|i has work:
|a The high lonesome sound (MovingImage)
|1 https://id.oclc.org/worldcat/entity/E39PCFC7Qd4grfhFQb6rmBMbbb
|4 https://id.oclc.org/worldcat/ontology/hasWork
|
| 776 |
0 |
8 |
|i Original version:
|w (OCoLC)226300472
|
| 856 |
4 |
0 |
|u http://proxy.library.tamu.edu/login?url=https://www.aspresolver.com/aspresolver.asp?MARC;3227725
|z Connect to this streaming video (Alexander Street Press)
|t 0
|
| 955 |
|
|
|a Alexander Street Press subscription streaming video
|
| 994 |
|
|
|a 92
|b TXA
|
| 999 |
f |
f |
|s b2777244-309e-4c51-95f3-7a5c1bb6237b
|i 08e66142-1b4f-4452-8756-c3854779db8e
|t 0
|
| 952 |
f |
f |
|a Texas A&M University
|b College Station
|c Electronic Resources
|d Available Online
|t 0
|h Library of Congress classification
|
| 998 |
f |
f |
|t 0
|l Available Online
|